| 000 | 01440nam a2200373 a 4500 | ||
|---|---|---|---|
| 003 | UPN | ||
| 005 | 20240412092900.0 | ||
| 008 | 991125s1897 mx a dr 001 0 spa d | ||
| 035 | _aUPN01000018925 | ||
| 040 |
_aMX-MxUPN _bspa _cMX-MxUPN |
||
| 041 | _aspa | ||
| 050 | 1 | 4 |
_aQP39 _bL3.3 |
| 100 | 1 |
_aLeón, Luis G., _d1866-1913 |
|
| 100 | 1 |
_aCrespo, Altagracia _951469 |
|
| 245 | 1 | 0 |
_aElementos de fisiologia é higiene : _bsegundo año, primer semestre |
| 260 |
_aMéxico : _bImprenta y librería de Aguilar é hijos, _c1897. |
||
| 300 |
_a46 páginas : _bilustraciones. |
||
| 500 | _a"Escritos según lo prevenido por la ley reglamentaria de instrucción primaria superior" | ||
| 500 | _a"Obra ilustrada con grabados" | ||
| 504 | _aIncluye índice. | ||
| 506 | 0 | _aAcceso abierto. | |
| 530 | _aTambién disponible en línea. | ||
| 536 | _aLibros de texto digitalizados bajo el patrocinio del Instituto Georg-Eckert. | ||
| 650 | 4 |
_aFisiología _xEstudio y enseñanza (Secundaria) _920840 |
|
| 650 | 4 |
_aHigiene _xEstudio y enseñanza (Secundaria) _951501 |
|
| 650 | 4 |
_aAnatomía humana _9578 _xEstudio y enseñanza (Secundaria) |
|
| 650 | 4 |
_aFisiología _951470 _vLibros de texto |
|
| 650 | 4 |
_aHigiene _951471 _vLibros de texto |
|
| 650 | 4 |
_aAnatomía humana _944666 _vLibros de texto |
|
| 856 | 4 | 1 | _uhttp://200.23.113.51/pdf/librosdetexto2/122720.pdf |
| 902 | _bMaríaRobles/080424 | ||
| 905 | _aLibro | ||
| 942 |
_2lcc _cLIBRO _n0 |
||
| 999 |
_c18925 _d18925 |
||